<?xml version="1.0" encoding="UTF-8"?><?xml-stylesheet type="text/xsl" href="static/style.xsl"?><OAI-PMH xmlns="http://www.openarchives.org/OAI/2.0/" xmlns:xsi="http://www.w3.org/2001/XMLSchema-instance" xsi:schemaLocation="http://www.openarchives.org/OAI/2.0/ http://www.openarchives.org/OAI/2.0/OAI-PMH.xsd"><responseDate>2026-04-14T04:30:02Z</responseDate><request verb="GetRecord" identifier="oai:www.recercat.cat:2445/194180" metadataPrefix="marc">https://recercat.cat/oai/request</request><GetRecord><record><header><identifier>oai:recercat.cat:2445/194180</identifier><datestamp>2025-12-05T12:55:47Z</datestamp><setSpec>com_2072_1057</setSpec><setSpec>col_2072_478817</setSpec><setSpec>col_2072_478917</setSpec></header><metadata><record xmlns="http://www.loc.gov/MARC21/slim" xmlns:dcterms="http://purl.org/dc/terms/" xmlns:xsi="http://www.w3.org/2001/XMLSchema-instance" xmlns:doc="http://www.lyncode.com/xoai" xsi:schemaLocation="http://www.loc.gov/MARC21/slim http://www.loc.gov/standards/marcxml/schema/MARC21slim.xsd">
   <leader>00925njm 22002777a 4500</leader>
   <datafield ind2=" " ind1=" " tag="042">
      <subfield code="a">dc</subfield>
   </datafield>
   <datafield ind2=" " ind1=" " tag="720">
      <subfield code="a">Muñoz, Diana</subfield>
      <subfield code="e">author</subfield>
   </datafield>
   <datafield ind2=" " ind1=" " tag="720">
      <subfield code="a">Elvira-García, Wendy</subfield>
      <subfield code="e">author</subfield>
   </datafield>
   <datafield ind2=" " ind1=" " tag="260">
      <subfield code="c">2023-02-24T19:04:04Z</subfield>
   </datafield>
   <datafield ind2=" " ind1=" " tag="260">
      <subfield code="c">2023-02-24T19:04:04Z</subfield>
   </datafield>
   <datafield ind2=" " ind1=" " tag="260">
      <subfield code="c">2021-06-28</subfield>
   </datafield>
   <datafield ind2=" " ind1=" " tag="260">
      <subfield code="c">2023-02-24T19:04:04Z</subfield>
   </datafield>
   <datafield ind2=" " ind1=" " tag="520">
      <subfield code="a">[spa] Este artículo describe las características acústicas del sonido [s] en las ciudades de Medellín y Apartadó, de la región de Antioquia, y explora la hipótesis de que la realización de /s/ sirva para diferenciar los dialectos de las dos zonas. El estudio se basa en el análisis de 943 eses, producidas por un total de 32 informantes. Se consideraron los siguientes parámetros fonéticos: la frecuencia del centro de gravedad, el pico espectral, la desviación estándar del espectro, el coeficiente de asimetría, el coeficiente de curtosis, los pasos por cero y el ruido relativo. Los resultados sugieren que, en posición de ataque, la [s] es más sibilante en el municipio de Medellín que en Apartadó y en cuanto al punto de articulación es más apical en el primero y más dentalizado en el segundo. La posición de coda no permite diferenciar entre municipios.</subfield>
   </datafield>
   <datafield ind2=" " ind1=" " tag="520">
      <subfield code="a">[eng] his paper describes the acoustic characteristics of sound [s] in the cities of: Medellín and Apartadó and explores the hypothesis that the articulation of /s/ will serve to distinguish between the dialects spoken in these two areas. The study analizes 943 [s] produced by a total amount of 32 speakers. The following parameters were considered in the analysis: Center of gravity, spectral peak, standard deviation of the spectrum, skewness, kurtosis, zero crossings and harmonic-noise ratio. Results suggest that: in syllable onset [s] is more apical in Medellín and more dentalised in Apartadó. Also, Medellín’s onset [s] is more sibilant. In coda position, there is no difference between the two dialects.</subfield>
   </datafield>
   <datafield tag="653" ind2=" " ind1=" ">
      <subfield code="a">Castellà (Llengua)</subfield>
   </datafield>
   <datafield tag="653" ind2=" " ind1=" ">
      <subfield code="a">Antioquia (Colòmbia : Departament)</subfield>
   </datafield>
   <datafield tag="653" ind2=" " ind1=" ">
      <subfield code="a">Dialectologia</subfield>
   </datafield>
   <datafield tag="653" ind2=" " ind1=" ">
      <subfield code="a">Fonètica</subfield>
   </datafield>
   <datafield tag="653" ind2=" " ind1=" ">
      <subfield code="a">Spanish language</subfield>
   </datafield>
   <datafield tag="653" ind2=" " ind1=" ">
      <subfield code="a">Antioquia (Colombia : Department)</subfield>
   </datafield>
   <datafield tag="653" ind2=" " ind1=" ">
      <subfield code="a">Dialectology</subfield>
   </datafield>
   <datafield tag="653" ind2=" " ind1=" ">
      <subfield code="a">Phonetics</subfield>
   </datafield>
   <datafield ind2="0" ind1="0" tag="245">
      <subfield code="a">Descripción acústica de la realización de [s] en Antioquia (Colombia)</subfield>
   </datafield>
</record></metadata></record></GetRecord></OAI-PMH>